1890 1174 1123 1369 1622 1381 1009 1957 1347 1722 1474 1468 1982 1319 1247 1231 1959 1587 1044 1118 1195 1179 1968 1833 1844 1082 1601 1452 1028 1582 1821 1412 1218 1861 1957 1931 1477 1356 1245 1761 1742 1407 1393 1925 1631 1698 1319 1229 1109 1802 1068 1216 1843 1991 1761 1177 1594 1846 1444 1409 1277 1526 1216 1135 1845 1391 1670 1459 1180 1601 1200 1444 1363 1782 1059 1882 1298 1934 1162 1840 1005 1920 1839 1188 1828 1960 1567 1823 1693 1738 1797 1088 1025 1608 1090 1194 1679 1771 1493 BCNSPRNW ULIB Ver.6.0+V

เปลี่ยนเป็นภาษาไทย

Change to English
 แสดงรายละเอียดบรรณานุกรม
  กลับหน้าหลัก

Brief Record : Get Marc (ISO 2709) : E-mail record : QR code < ปิดหน้าต่าง
LEADER : 00000nam 2200000uu 4500
001    13399110103
003     ULIB
008    110408s2550||||th 000 0 tha d
020    9747878042
060 04 WI400^bศ322ป 2550
100 0  ศักดิ์ บวร
245 10 ปัญหาระบบขับถ่าย /^cศักดิ์ บวร, เรียบเรียง
250    พิมพ์ครั้งที่ 2
260    นนทบุรี :^bสมิต,^c2550
300    80 หน้า :^bภาพประกอบ
440  0 ชุดอาหารและสุขภาพ
650  7 ระบบขับถ่าย
945    ^p70^l0^i021404
945    ^p70^l0^i021403
945    ^p70^l0^i021402
945    ^p70^l0^i021401
995    ทศพร
999 ^a ใช้งานได้ทุกระบบ
รายการนี้ยังไม่มีแท็ก
คุณยังไม่ได้ล็อกอิน คุณสามารถมีกิจกรรมร่วมกับเว็บไซต์ได้ แต่ต้องล็อกอินก่อน ::
  ล็อกอิน

รายการสื่อสารสนเทศ

ลำดับที่ ประเภท เลขเรียก/บาร์โค้ด สถานที่ สถานะ
- ไม่พบข้อมูล -

รายการใกล้เคียง
    ผู้แต่ง [ศักดิ์ บวร]

    หัวเรื่อง [ระบบขับถ่าย]

BibComment


ยังไม่เคยถูกคอมเมนท์

คอมเมนท์ทรัพยากรรายการนี้
  คอมเมนท์: ปัญหาระบบขับถ่าย ..


 Copyright 2026. Bcnsprnw @Library